Kant: entre sensibilidad y razón

Uloženo v:
Podrobná bibliografie
Hlavní autoři: Hoyos, Luis Eduardo (Autor), Patarroyo, Carlos (Autor), Serrano, Gonzalo (Autor)
Médium: Kniha
Jazyk:španělština
Vydáno: Bogotá Universidad Nacional de Colombia 2006
Témata:
Tagy: Přidat tag
Žádné tagy, Buďte první, kdo vytvoří štítek k tomuto záznamu!

MARC

LEADER 00000nam a2200000 a 4500
001 UCI5464
003 CL-VaPUC
008 080328e20060000CK |||||||||||||||||spa|d
020 |a 9587016653 
082 0 4 |a 142.3  |b HOY  |2 21 
100 |a Hoyos, Luis Eduardo  |e author  |9 527854 
600 0 |a Kant, Immanuel,  |d 1724-1804  |9 858687 
700 0 |a Patarroyo, Carlos  |e author  |9 527855 
700 0 |a Serrano, Gonzalo  |e author  |9 527856 
245 1 0 |a Kant: entre sensibilidad y razón 
300 |a 243 p 
942 |c BK 
945 |d 20080328 00:00:00  |a jtorresc 
260 |a Bogotá  |b Universidad Nacional de Colombia  |c 2006 
650 0 |a Kantismo  |9 311003 
650 0 |a Filosofía moderna  |9 258121 
650 0 |a Ética  |9 255099 
583 |a last modification  |c 20080328 00:00:00  |k Rodrigo Vera 
999 |c 329204  |d 329202 
952 |0 0  |1 0  |4 0  |6 142_300000000000000_HOY_2006  |7 0  |8 A  |9 413573  |a BIBEDU  |b BIBEDU  |d 2019-11-22  |i 4418611  |l 1  |o 142.3 HOY 2006  |p 4418611  |r 2024-03-14  |s 2024-03-14  |w 2019-11-22  |y BK  |k FIL